00491nam a2200133Ia 4500008004100000245012700041260004900168260000900217300001000226500001400236650001600250999001900266952007200285170224s9999 xx 000 0 und d aIs group membership necessary for understanding generalized prejudice? A re-evaluation of why prejudices are interrelated. bJournal of Personality and Social Psychology c2016 a111:3 aSeptember xPsychology. c316543d316543 001040aCLbCLd2017-02-24l0r2017-02-24 00:00:00w2017-02-24ySE